000 00390nam a2200157Ia 4500
008 230524s9999 xx 000 0 und d
082 _a621.38
_bXAV
100 _aS.P.Eugene Xavier
245 0 _aLinear and Digital Integrated Circuts
250 _a1ST
260 _aNEW DELHI
_bKhanna
_c2000
300 _aXI;385
500 _aQuantity Number: 2
650 _aElectronics
942 _cBK
999 _c36847
_d36847